<?xml version="1.0" encoding="UTF-8"?>
<collection xmlns="http://www.loc.gov/MARC21/slim">
 <record>
  <leader>00926nam a22002295a 4500</leader>
  <controlfield tag="001">EIQ.libpla003654</controlfield>
  <controlfield tag="008">080225s1998####ag#a#####b####001#0#spa#d</controlfield>
  <controlfield tag="005">20160427090854.0</controlfield>
  <datafield tag="245" ind1="1" ind2="0">
   <subfield code="a">Introducción a la química de los polímeros /</subfield>
   <subfield code="c">Raymond B. Seymour, Charles E. Carraher, Jr. ; versión española por Rogelio Areal Guerra.</subfield>
  </datafield>
  <datafield tag="260" ind1=" " ind2=" ">
   <subfield code="a">Barcelona ;</subfield>
   <subfield code="a">Buenos Aires :</subfield>
   <subfield code="b">Reverté,</subfield>
   <subfield code="c">1998.</subfield>
  </datafield>
  <datafield tag="300" ind1=" " ind2=" ">
   <subfield code="a">XXX, 706 p. :</subfield>
   <subfield code="b">il. ;</subfield>
   <subfield code="c">24 cm.</subfield>
  </datafield>
  <datafield tag="500" ind1=" " ind2=" ">
   <subfield code="a">Título de la obra original: Polymer chemistry, an introduction, 3rd ed.</subfield>
  </datafield>
  <datafield tag="504" ind1=" " ind2=" ">
   <subfield code="a">Incluye referencias bibliográficas e índice.</subfield>
  </datafield>
  <datafield tag="020" ind1=" " ind2=" ">
   <subfield code="a">8429179267</subfield>
  </datafield>
  <datafield tag="100" ind1="1" ind2=" ">
   <subfield code="a">Seymour, Raymond B.</subfield>
  </datafield>
  <datafield tag="700" ind1="1" ind2=" ">
   <subfield code="a">Carraher, Charles E.</subfield>
  </datafield>
  <datafield tag="700" ind1="1" ind2=" ">
   <subfield code="a">Areal Guerra, Rogelio,</subfield>
   <subfield code="e">tr.</subfield>
   <subfield code="4">trl</subfield>
  </datafield>
  <datafield tag="650" ind1=" " ind2="4">
   <subfield code="a">Polímeros</subfield>
   <subfield code="x">Química de polímeros.</subfield>
  </datafield>
  <datafield tag="650" ind1=" " ind2="4">
   <subfield code="a">Polymers</subfield>
   <subfield code="x">Polymer chemistry.</subfield>
  </datafield>
  <datafield tag="040" ind1=" " ind2=" ">
   <subfield code="a">AR-BbSID</subfield>
   <subfield code="b">spa</subfield>
   <subfield code="c">AR-BbSID</subfield>
  </datafield>
  <datafield tag="041" ind1="1" ind2=" ">
   <subfield code="a">spa</subfield>
   <subfield code="h">eng</subfield>
  </datafield>
  <datafield tag="859" ind1=" " ind2=" ">
   <subfield code="a">AR-BbSID</subfield>
   <subfield code="b">BIB. PLAPIQUI</subfield>
   <subfield code="h">541.225</subfield>
   <subfield code="i">Se 95</subfield>
   <subfield code="p">5048</subfield>
  </datafield>
 </record>
</collection>
